<?xml version="1.0" encoding="UTF-8"?><?xml-stylesheet type="text/xsl" href="static/style.xsl"?><OAI-PMH xmlns="http://www.openarchives.org/OAI/2.0/" xmlns:xsi="http://www.w3.org/2001/XMLSchema-instance" xsi:schemaLocation="http://www.openarchives.org/OAI/2.0/ http://www.openarchives.org/OAI/2.0/OAI-PMH.xsd"><responseDate>2026-06-06T01:41:33Z</responseDate><request verb="GetRecord" identifier="oai:riuma.uma.es:10630/31842" metadataPrefix="marc">https://riuma.uma.es/rest/oai/request</request><GetRecord><record><header><identifier>oai:riuma.uma.es:10630/31842</identifier><datestamp>2026-02-03T11:41:57Z</datestamp><setSpec>com_10630_2254</setSpec><setSpec>col_10630_37956</setSpec></header><metadata><record xmlns="http://www.loc.gov/MARC21/slim" xmlns:dcterms="http://purl.org/dc/terms/" xmlns:doc="http://www.lyncode.com/xoai" xmlns:xsi="http://www.w3.org/2001/XMLSchema-instance" xsi:schemaLocation="http://www.loc.gov/MARC21/slim http://www.loc.gov/standards/marcxml/schema/MARC21slim.xsd">
   <leader>00925njm 22002777a 4500</leader>
   <datafield ind2=" " ind1=" " tag="042">
      <subfield code="a">dc</subfield>
   </datafield>
   <datafield ind2=" " ind1=" " tag="720">
      <subfield code="a">Pérez-Rufí, María Isabel</subfield>
      <subfield code="e">author</subfield>
   </datafield>
   <datafield ind2=" " ind1=" " tag="720">
      <subfield code="a">Pérez-Rufi, José Patricio</subfield>
      <subfield code="e">author</subfield>
   </datafield>
   <datafield ind2=" " ind1=" " tag="260">
      <subfield code="c">2024</subfield>
   </datafield>
   <datafield ind2=" " ind1=" " tag="520">
      <subfield code="a">Este trabajo surge a partir de la pregunta sobre la posible adecuación de la producción experimental artística y de vanguardia a los formatos audiovisuales de mayor popularidad y éxito. Como estudio de caso se toma el video musical de "Universo", interpretado por Blas Cantó y dirigido por Cristian Velasco, el cual se publicó el 31 de enero de 2020 con el propósito de apoyar la participación del artista en Eurovisión (Velasco, 2020). El objetivo principal de esta investigación es examinar la estructura en los aspectos formales de un videoclip que pudiera ser considerado como una referencia prototípica y representativa de la creación del formato en la industria musical y en la televisiva. Este análisis tiene por objeto iden-tificar y describir técnicas narrativas y discursivas, tanto en términos de producción como de realización y postproducción, que doten a la pieza de una identidad formal próxima a la experimentación y la vanguardia audiovisual, aunque se haga con un propósito comercial y atractivo.</subfield>
   </datafield>
   <datafield ind1="8" ind2=" " tag="024">
      <subfield code="a">Pérez-Rufí, M. I., &amp; Pérez-Rufí, J. P. (2024). El videoclip como formato comercial y de vanguardia en el festival de Eurovisión: Estudio de caso. En J. Albar Mansoa (Coord.), Innovación y expresión: Un recorrido por las artes, la cultura visual y la inteligencia artificial en la era digital (pp. 1248-1267). Dykinson.</subfield>
   </datafield>
   <datafield ind1="8" ind2=" " tag="024">
      <subfield code="a">https://hdl.handle.net/10630/31842</subfield>
   </datafield>
   <datafield tag="653" ind2=" " ind1=" ">
      <subfield code="a">Vídeos musicales</subfield>
   </datafield>
   <datafield tag="653" ind2=" " ind1=" ">
      <subfield code="a">Industria audiovisual</subfield>
   </datafield>
   <datafield ind2="0" ind1="0" tag="245">
      <subfield code="a">El videoclip como formato comercial y de vanguardia en el festival de Eurovisión: Estudio de caso de "Universo" (Blas Cantó, 2020).</subfield>
   </datafield>
</record>
</metadata></record></GetRecord></OAI-PMH>